| 000 | 01432nam0a2200361 4500 | ||
|---|---|---|---|
| 001 | RU\NLR\BIBL_A\022049232 | ||
| 005 | 20231121114249.0 | ||
| 010 |
_a978-5-6050545-0-4 _950 |
||
| 021 |
_aRU _bКН-П-23-057121 _9КН-П-23-5738 |
||
| 035 | _a(NLR Aleph) 022049232 | ||
| 035 | _a(RuMoRGB)012094239 | ||
| 090 |
_a12592744 _c12592744 |
||
| 100 | _a20231013d2023 u y0rusy50 ca | ||
| 101 | 0 | _arus | |
| 102 | _aRU | ||
| 105 | _ay|||z|||000аy | ||
| 181 | 0 |
_ai4 _baxxe |
|
| 182 | 0 | _an | |
| 200 | 1 |
_aКлаксоны до вторника _eповесть _fКирилл Бернс |
|
| 203 |
_aТекст _bвизуальный _cнепосредственный |
||
| 210 |
_aМосква _cLunabook _d2023 |
||
| 215 |
_a229 с. _d22 |
||
| 300 | _aСодержит нецензурную брань! | ||
| 333 | _a18+ | ||
| 675 |
_a821.161.1-31 _v4 |
||
| 686 | 2 | _aШ6(2=Р)8-440.4 | |
| 700 | 1 |
_aБернс _bК. _gКирилл |
|
| 942 | _cBOOK | ||
| 980 | _aNB | ||